Rozpoznaj państwo po mieście #1 - Statystyki

Ogólne statystyki
  • Ten quiz został rozwiązany 22 razy
  • Średni wynik to 13 z 24
Statystyki odpowiedzi
Miasto Państwo % Poprawnych
Mała Wieś przy Drodze Polska
100%
Norymberga Niemcy
94%
Antwerpia Belgia
89%
Granada Hiszpania
89%
Acapulco Meksyk
89%
Denver Stany Zjednoczone
89%
Dżakarta Indonezja
83%
Mostar Bośnia i Hercegowina
67%
Parnawa Estonia
61%
Katmandu Nepal
61%
Queenstown Nowa Zelandia
61%
Lugano Szwajcaria
61%
Warna Bułgaria
56%
Lamezia-Terme Włochy
56%
Nisz Serbia
50%
Kutaisi Gruzja
39%
Bengaluru Indie
39%
Antofagasta Chile
33%
Johor Malezja
22%
Funafuti Tuvalu
17%
Aqaba Jordania
11%
Lahur Pakistan
6%
Nomuea Francja (Nowa Kaledonia)
0%
Enteebe Uganda
0%
Nie znaleziono quizów pasujących do podanych kryteriów
Rozkład punktacji
Procent ludzi z każdym wynikiem
Percentyl według liczby udzielonych odpowiedzi
Twoja historia wyników
Nie rozwiązałeś tego quizu